00223nam a22000857a 4500008004100000082001600041245005900057260001300116300000800129230621b xxu||||| |||| 00| 0 eng d a328.38bIFP aInternational Forum of Parliamentarians on ICPD Review bUNc1999 a20p